000 00625nam a22001937a 4500
005 20180419101648.0
010 _aENG-122514
020 _a9789383166152
_c850.00
035 _aEN-106046
037 _bDBAD/PUB
082 _a863.1
245 _aGitanjali Reborn:
_ced. by Martin Kampchen
_b William Radice's writings on Rabindranath Tagore /
260 _aNew Delhi
_bSocial Science Press
_c2017
270 _a69, Jor Bagh,
_bNew Delhi
_e110003
300 _a236p.
_bill.
_c21cm.(Hb)
500 _aInclude photo essay by Martin Kampchen
700 _dKampchen, Martin
942 _2ddc
_cEN
_mGIT
_h863.1
999 _c150869
_d150869